[Event "Mechanics' Summer TNM; G/2 d/5"]
[Site "San Francisco"]
[Date "2018.07.17"]
[Round "8.21"]
[White "Quang, Danny"]
[Black "Hack, Richard"]
[Result "1-0"]
[WhiteElo "1697"]
[BlackElo "1582"]
[PlyCount "85"]
[EventDate "2018.??.??"]
[Source "ChessBase"]
[SourceDate "2007.09.04"]

1. d4 f5 2. c4 Nf6 3. Nf3 g6 4. g3 Bg7 5. Bg2 O-O 6. Nc3 d6 7. O-O Qe8 8. Re1
Qf7 9. Qd3 Na6 10. a3 c5 11. d5 h6 12. h3 Bd7 13. Bd2 Rad8 14. Rac1 Nc7 15. b4
e5 16. dxe6 Bxe6 17. Na4 b6 18. Qc2 b5 19. Nb2 Ne4 20. cxb5 Nxb5 21. Ra1 Bb3
22. Qc1 Nxd2 23. Nxd2 Nd4 24. Nxb3 Nxb3 25. Qd1 Nd4 26. e3 Ne6 27. Rb1 Nc7 28.
bxc5 dxc5 29. Qc2 Qe7 30. Rec1 Ne6 31. Nc4 Rd7 32. a4 Rfd8 33. a5 Rd3 34. Rb7
R8d7 35. Qxd3 Rxb7 36. Bxb7 Qxb7 37. Rb1 Qf3 38. Qd1 Qe4 39. Rb8+ Kh7 40. Qb3
Ng5 41. Nd2 Nxh3+ 42. Kh2 Qg4 43. Qg8# 1-0

[Event "Mechanics' Spring TNM; G/2 d5"]
[Site "San Francisco"]
[Date "2018.04.17"]
[Round "5.31"]
[White "Quang, Danny"]
[Black "Olson, David R"]
[Result "1-0"]
[WhiteElo "1702"]
[BlackElo "1400"]
[PlyCount "81"]
[EventDate "2018.??.??"]
[Source "ChessBase"]
[SourceDate "2007.09.04"]

1. d4 Nf6 2. Nf3 g6 3. Bf4 Bg7 4. e3 d6 5. Bd3 O-O 6. Nbd2 Nh5 7. Bg3 Bg4 8. c3
Nd7 9. Qb3 Rb8 10. O-O c5 11. Qa4 a6 12. Rfe1 b5 13. Qxa6 c4 14. Be2 Rb6 15.
Qa3 f5 16. b3 d5 17. bxc4 dxc4 18. Bh4 Rf7 19. h3 Bxf3 20. Bxf3 Bf6 21. Bxf6
Nhxf6 22. Rab1 e5 23. Rb4 e4 24. Be2 Nd5 25. Rbb1 Qc7 $4 26. Qa8+ Kg7 27. Qxd5
f4 28. Qxe4 Rbf6 29. Nf3 Rf5 30. Rb2 Nf6 31. Qc2 fxe3 32. fxe3 Qg3 33. Reb1 Rh5
34. Bxc4 Ng4 35. Bxf7 Rxh3 36. Qe4 Rh2 37. Nxh2 Qxh2+ 38. Kf1 Qh1+ 39. Ke2 Qh4
40. Rf1 Qh5 41. Qf3 1-0

[Event "Mechanics' Summer TNM; G/2 d/5"]
[Site "San Francisco"]
[Date "2018.06.12"]
[Round "3.29"]
[White "Quang, Danny"]
[Black "Sayers, Jack"]
[Result "1-0"]
[WhiteElo "1697"]
[BlackElo "1125"]
[PlyCount "29"]
[EventDate "2018.??.??"]
[Source "ChessBase"]
[SourceDate "2007.09.04"]

1. d4 d5 2. Bf4 Nc6 3. e3 f6 4. Nf3 Bg4 5. Be2 Bxf3 6. gxf3 e5 7. dxe5 fxe5 8.
Bg3 Nf6 9. c3 Bd6 10. Qb3 b6 11. Bb5 Qd7 12. Qa4 O-O-O 13. Bxc6 Qh3 14. Qa6+
Kb8 15. Qb7# 1-0

[Event "Mechanics' Spring TNM; G/2 d5"]
[Site "San Francisco"]
[Date "2018.03.20"]
[Round "1.35"]
[White "Quang, Danny"]
[Black "Scalese, Nicole"]
[Result "1-0"]
[WhiteElo "1702"]
[BlackElo "1020"]
[Annotator "Donaldson"]
[PlyCount "45"]
[EventDate "2018.??.??"]
[Source "ChessBase"]
[SourceDate "2007.09.04"]

1. d4 d5 2. Nf3 Nc6 3. Bf4 Bf5 4. c3 e6 5. e3 g6 $6 (5... Nf6) (5... Bd6) 6.
Bb5 Nge7 (6... Bd6) 7. Be5 Rg8 8. Nbd2 Qd7 (8... a6) 9. Nb3 b6 $2 (9... a6) 10.
Bf6 (10. Ng5 $1) 10... Bg4 11. Nbd2 Nf5 $2 {Diagram [#]} (11... a6) 12. Qa4 $1
Nfe7 13. Bxe7 Kxe7 14. Bxc6 Qd8 15. Bxa8 Qxa8 16. Ne5 Bf5 17. Qd7+ Kf6 18.
Qxf7+ Kg5 19. Ndf3+ Kh5 20. Qxg8 c5 21. Qxh7+ Bh6 22. g4+ Bxg4 23. Qxg6# 1-0

[Event "Mechanics' Summer TNM; G/2 d/5"]
[Site "San Francisco"]
[Date "2018.05.29"]
[Round "1.2"]
[White "Quang, Danny"]
[Black "Winslow, Elliott"]
[Result "0-1"]
[WhiteElo "1697"]
[BlackElo "2299"]
[PlyCount "86"]
[EventDate "2018.??.??"]
[Source "ChessBase"]
[SourceDate "2007.09.04"]

1. d4 g6 2. e4 d6 3. Nf3 Nf6 4. Bd3 (4. Nc3) 4... Bg7 5. c3 (5. O-O) 5... O-O
6. Bg5 (6. O-O {Kramnik, Gelfand, Karpov even have been here more than once.})
6... h6 7. Bxf6 (7. Bh4 {much more popular, but that isn't saying much.}) 7...
Bxf6 (7... exf6 {was an amusing little game:} 8. Qc2 Re8 9. Nbd2 d5 10. O-O-O
dxe4 11. Bxe4 c6 12. Kb1 a5 13. h4 Bg4 14. Rdg1 Nd7 15. Nh2 Be6 16. g4 c5 17.
Nhf3 cxd4 18. Nxd4 Nc5 19. Nxe6 Rxe6 20. f3 Qd6 21. Rd1 Qf4 22. Nb3 Nxe4 23.
fxe4 Rxe4 24. Rd7 Qxg4 25. Rhd1 Rae8 26. Nc5 Re1 27. Nxb7 Qxd7 {
0-1 (27) Krawczyk,A (2112)-Nuristani,P Berlin 2007}) 8. Nbd2 (8. Qd2 Bg7 9. Na3
$5) 8... c5 (8... Nc6 9. Qc2 e5 10. dxe5 Nxe5 11. Nxe5 dxe5 12. O-O-O Qe7 13.
g3 a6 14. f4 b5 15. f5 c5 16. c4 Bd7 17. fxg6 fxg6 18. Rdf1 b4 19. Rf2 Bg5 20.
Rhf1 Rxf2 21. Rxf2 Rf8 22. Rxf8+ Qxf8 23. Qd1 Qf2 24. Qe2 Qd4 25. Kc2 Bxd2 26.
Qxd2 Kg7 27. Kd1 a5 28. Bf1 Bg4+ 29. Kc1 Qxe4 30. Bd3 Qd4 31. b3 Qa1+ 32. Bb1
Bf5 33. Qb2 Qxb2+ 34. Kxb2 e4 35. Kc1 Kf6 36. Kd1 Ke5 37. Ke1 Kd4 38. h4 g5 39.
Bc2 Kc3 {0-1 (39) Eichhorn,M (1805)-Goessnitzer,N (2095) Augsburg 1997}) 9.
dxc5 (9. O-O cxd4 10. cxd4 Bg4 11. Qb3 Nc6 12. d5 Nd4 13. Nxd4 Bxd4 14. h3 Bc8
15. Nf3 Bg7 16. Rac1 Rb8 17. Rc2 Bd7 18. Rfc1 Qa5 19. Rc7 Rfc8 20. Rxc8+ Rxc8
21. Rxc8+ Bxc8 22. Qc4 Bd7 23. b4 Qb6 24. b5 Qc5 25. a4 Qxc4 26. Bxc4 f5 27.
exf5 Bxf5 28. Bb3 Kf7 29. Nd2 Bc3 30. Nc4 Bd3 31. Ne3 Bd2 32. Nc4 Bxc4 33. Bxc4
Kf6 {1/2-1/2 (33) Newen,R-Mueller,A (2100) Germany 1993}) (9. d5 b5 10. O-O c4
11. Bc2 Qc7 12. a3 a5 13. Nb1 Ba6 14. Re1 Nd7 15. Qd2 Kh7 16. Nd4 Qc5 17. Nf3
Rfb8 18. h4 b4 19. Ba4 bxc3 20. Nxc3 Ne5 21. Nxe5 Bxe5 22. Bc6 Bb7 23. Na4 Qa7
24. Bb5 Ba6 25. Bxa6 Qxa6 26. Rab1 Rb3 27. f4 Bf6 28. e5 Bxh4 29. Red1 Rab8 30.
Qd4 Qb5 31. f5 Bg3 32. fxg6+ fxg6 33. Nc3 Qb6 34. Qxb6 R8xb6 35. e6 Rxb2 36.
Rxb2 Rxb2 37. Rf1 Bh4 38. Rf7+ Kg8 39. g3 Bf6 40. Ne4 Bd4+ 41. Kh1 c3 42. Nxc3
Bxc3 43. Rxe7 Bf6 44. Re8+ Kg7 45. Ra8 Be7 46. Rxa5 Kf6 47. a4 Rc2 48. Kg1 Rc5
49. Rxc5 dxc5 50. a5 c4 51. Kf1 h5 52. a6 Bc5 {
0-1 (52) Distelrath,O-Hoffmann,K (2170) Oberhausen 1998}) 9... dxc5 10. Qc2 Nc6
11. O-O Qc7 12. Rfe1 Bg7 13. Rad1 Rb8 14. a4 a6 15. Rb1 b5 16. axb5 axb5 17. b3
Rd8 18. Nf1 b4 19. c4 Bg4 20. N1d2 Ra8 21. h3 Bd7 22. Nf1 Ra6 23. Qe2 Bc3 24.
Rec1 Nd4 25. Nxd4 Bxd4 26. Ne3 e6 27. Rc2 Bc8 28. Rcc1 Rad6 29. Bc2 Bb7 30. Ng4
h5 31. e5 Ra6 {Best of the three lateral side-steps; the rook just moves away
and White kind of collapses.} 32. Nf6+ Kg7 33. Nxh5+ {Rather giving up} gxh5
34. Qxh5 Qxe5 35. Qh7+ Kf8 36. Re1 Qg7 37. Qxg7+ Kxg7 38. Be4 Bxe4 39. Rxe4 f5
40. Re2 Kf6 41. g3 Rda8 42. Kg2 Ra2 43. Rxa2 Rxa2 0-1

[Event "Mechanics' Spring TNM; G/2 d5"]
[Site "San Francisco"]
[Date "2018.05.01"]
[Round "7.16"]
[White "Quang, Danny"]
[Black "Yanofsky, Kevin"]
[Result "0-1"]
[WhiteElo "1702"]
[BlackElo "1840"]
[Annotator "Winslow,Elliott"]
[PlyCount "124"]
[EventDate "2018.??.??"]
[Source "ChessBase"]
[SourceDate "2007.09.04"]

1. d4 Nf6 2. Nf3 d5 3. Bf4 c5 4. e3 Nc6 5. c3 Qb6 6. Qc1 Bf5 7. Nbd2 e6 8. dxc5
(8. Be2) (8. Nh4) 8... Bxc5 9. Nb3 Be7 10. Nbd4 Bg6 11. Nb5 Rc8 (11... O-O $5
12. Bc7 Qc5 (12... Qa6 $5 13. a4 Rac8 14. Nd6 $6 (14. a5 $5 Nb4 $5 15. cxb4 d4
16. Nd6 Rxc7 17. Qxc7 Qxd6 18. Qxd6 Bxd6 19. Nxd4 $14) 14... Rxc7 $1 15. Bxa6
bxa6 16. Nb5 axb5 17. axb5 Nb4 {Madness! Three pieces for a queen...}) 13. b4
$6 Nxb4 14. cxb4 Qxc1+ 15. Rxc1 Rfc8 16. Kd1 Ne4 $17 17. Bg3 Rxc1+ 18. Kxc1
Rc8+ 19. Kb2 Rc2+ 20. Kb3 Rc1) 12. Be2 (12. Nd6+ Bxd6 13. Bxd6 Nd4 (13... a5) (
13... d4 14. cxd4 Ne4 15. Bc5) 14. exd4 Qxd6 15. Bb5+ Ke7 16. O-O a6 17. Be2
Rhd8 $11) 12... O-O 13. O-O Rfd8 14. Nbd4 Ne4 15. Ne5 Nxe5 16. Bxe5 Bd6 17.
Bxd6 Qxd6 18. Qd1 a6 19. a4 Qb6 20. Qb3 Qxb3 21. Nxb3 Nd6 22. Nd4 Nc4 23. Bxc4
dxc4 24. f4 Rd6 25. g4 Bd3 26. Rf2 Rc5 27. Rd2 Be4 28. Kf2 Rcd5 29. Re1 f6 30.
Rde2 Ra5 (30... h5 31. h3 h4 32. Nf3 g5 $17) 31. Ra1 Bd3 32. Ree1 (32. Rd2)
32... Rb6 33. Ra2 h5 34. h3 Rd6 35. b4 Rad5 36. e4 Rxd4 37. cxd4 Rxd4 38. gxh5
Bxe4 39. Ra3 Bf5 40. Rc3 $2 Rxf4+ 41. Kg3 Rd4 42. Ree3 b5 $2 (42... e5 $19) 43.
axb5 axb5 44. Re1 $2 (44. Ra3 Kh7 45. Ra7 $132) 44... e5 45. Ra1 Kh7 46. Ra5
Bd7 47. Ra7 Kh6 48. Rb7 Kxh5 49. Ra3 Kg6 50. Raa7 {[#]} c3 51. Rxd7 c2 52. Rdc7
(52. Rxg7+ Kf5 53. Rgc7 Rd3+ 54. Kf2 Rd7) 52... Rd7 $1 53. Rxd7 c1=Q 54. Rxg7+
Kf5 55. Rac7 Qf4+ 56. Kg2 Qxb4 57. Rh7 Qd2+ 58. Kg3 b4 59. Rb7 Qd3+ 60. Kf2 b3
61. Rh5+ Kg6 62. Rbh7 b2 0-1

[Event "Mechanics' Bedjanian TNM; G/2 d/5"]
[Site "San Francisco"]
[Date "2018.11.13"]
[Round "4.17"]
[White "Rakonitz, David"]
[Black "Anderson, Michael"]
[Result "1/2-1/2"]
[WhiteElo "1670"]
[BlackElo "1904"]
[PlyCount "35"]
[EventDate "2018.??.??"]
[Source "ChessBase"]
[SourceDate "2007.09.04"]

1. d4 f5 2. Bg5 c6 3. Nd2 Qc7 4. e4 d6 5. Bd3 e6 6. exf5 exf5 7. Qe2+ Kf7 8.
Ngf3 Be7 9. O-O Nf6 10. Rfe1 Rf8 11. Bc4+ d5 12. Bb3 b5 13. c3 Bd6 14. Ne5+ Kg8
15. Bxf6 Rxf6 16. Ndf3 Ba6 17. Qd2 Nd7 18. Bc2 1/2-1/2

[Event "Mechanics' Spring TNM; G/2 d5"]
[Site "San Francisco"]
[Date "2018.04.17"]
[Round "5.26"]
[White "Rakonitz, David"]
[Black "Askin, Michael"]
[Result "1-0"]
[WhiteElo "1595"]
[BlackElo "2024"]
[PlyCount "55"]
[EventDate "2018.??.??"]
[Source "ChessBase"]
[SourceDate "2007.09.04"]

1. d4 d5 2. Nf3 Nf6 3. c4 c6 4. Nc3 e6 5. Bg5 h6 6. Bxf6 Qxf6 7. e3 g6 8. Bd3
Bg7 9. O-O O-O 10. Re1 Nd7 11. cxd5 exd5 12. Rc1 Qd8 13. b4 Nf6 14. h3 Be6 15.
Nd2 Qd7 16. Nb3 b6 17. b5 cxb5 18. Bxb5 Qb7 19. Ne2 Rfc8 20. Bd3 Bf8 21. Nf4
Bd7 22. Qe2 a6 23. Qf3 Kg7 24. Qg3 Ne4 25. Bxe4 dxe4 26. Nh5+ Kh8 27. Qe5+ Bg7
28. Qxg7# 1-0

[Event "Mechanics' Winter TNM; G/2 d5"]
[Site "San Francisco"]
[Date "2018.01.30"]
[Round "4.32"]
[White "Rakonitz, David"]
[Black "Azimadeh, Farad"]
[Result "1-0"]
[WhiteElo "1595"]
[BlackElo "1596"]
[PlyCount "111"]
[EventDate "2018.??.??"]
[Source "ChessBase"]
[SourceDate "2007.09.04"]

1. d4 d6 2. Nf3 e6 3. c4 b6 4. Nc3 Bb7 5. e4 g6 6. Bd3 Bg7 7. O-O Nc6 8. d5
Nce7 9. Re1 e5 10. Be3 Bc8 11. b4 c5 12. bxc5 bxc5 13. Rb1 Nf6 14. Qa4+ Bd7 15.
Qa6 Bc8 16. Qa3 O-O 17. Rb3 a6 18. Reb1 Bg4 19. Nd2 Bc8 20. f3 Nd7 21. Na4 f5
22. Nb6 Nxb6 23. Rxb6 f4 24. Bf2 g5 25. Rb8 Ra7 26. R1b6 Qc7 27. Qb2 Rf6 28.
Nb3 Kf7 29. Na5 Bd7 30. R8b7 Rxb7 31. Rxb7 Qxa5 32. Rxd7 Bf8 33. Rb7 h5 34. Kf1
g4 35. Bh4 Rg6 36. Be1 Qa4 37. Qb3 Qe8 38. Be2 Kg8 39. Ra7 g3 40. h3 Rg7 41.
Rxa6 Ng6 42. a4 Nh8 43. Bd1 Nf7 44. Qb5 Qc8 45. Qc6 Qd8 46. Ra8 Qf6 47. Qe8 Ng5
48. Qd8 Qf7 49. a5 Nh7 50. a6 Qd7 51. Qxd7 Rxd7 52. Ba4 Rf7 53. Ba5 Nf6 54. Bb6
Nd7 55. Bxd7 Rxd7 56. Rb8 1-0

[Event "Mechanics' Spring TNM; G/2 d5"]
[Site "San Francisco"]
[Date "2018.04.03"]
[Round "3.20"]
[White "Rakonitz, David"]
[Black "Davila, Carlos"]
[Result "0-1"]
[WhiteElo "1595"]
[BlackElo "2137"]
[PlyCount "64"]
[EventDate "2018.??.??"]
[Source "ChessBase"]
[SourceDate "2007.09.04"]

1. d4 Nf6 2. Nf3 e6 3. c4 Bb4+ 4. Bd2 Qe7 5. a3 Bxd2+ 6. Nbxd2 d6 7. e3 O-O 8.
Bd3 Nbd7 9. O-O a5 10. Re1 e5 11. Qc2 a4 12. Rad1 Re8 13. dxe5 dxe5 14. Ne4
Nxe4 15. Bxe4 g6 16. Qc3 Nc5 17. Bd3 e4 18. Bxe4 Nxe4 19. Qd4 Bg4 20. h3 c5 21.
Qd3 Bxf3 22. gxf3 Ng5 23. Kg2 Qe6 24. Rh1 Rad8 25. Qc2 Rxd1 26. Qxd1 Qxc4 27.
Qd7 Kf8 28. Qd6+ Kg7 29. Qd7 Rxe3 30. Qd2 Re5 31. f4 Qe4+ 32. Kh2 Nf3+ 0-1

[Event "Mechanics' Spring TNM; G/2 d5"]
[Site "San Francisco"]
[Date "2018.03.20"]
[Round "1.2"]
[White "Rakonitz, David"]
[Black "Diaz, Conrado"]
[Result "0-1"]
[WhiteElo "1595"]
[BlackElo "2338"]
[Annotator "Donaldson"]
[PlyCount "80"]
[EventDate "2018.??.??"]
[Source "ChessBase"]
[SourceDate "2007.09.04"]

1. d4 Nf6 2. Nf3 d5 3. c4 c6 4. Nc3 a6 5. e3 e6 6. Bd3 dxc4 7. Bxc4 b5 8. Bd3
c5 9. O-O Bb7 10. Be2 Nbd7 11. b3 Rc8 12. Bb2 cxd4 13. Nxd4 Bb4 14. Nb1 O-O 15.
a3 Be7 16. Nc3 Qb6 17. b4 Rfd8 18. Qb3 Ne5 19. Rfd1 Nc4 20. Bf3 Bxf3 21. Nxf3
Ng4 22. Rxd8+ Bxd8 23. Ne4 Nxb2 24. Qxb2 {Diagram [#]} Nxe3 $1 25. Rc1 (25.
fxe3 Qxe3+ 26. Nf2 (26. Qf2 Qxe4 $19) 26... Bf6 $19) 25... Nc4 26. Qc2 h6 27.
Qd1 Ra8 28. a4 Be7 29. a5 Qb7 30. Ned2 Rd8 31. Qe2 Nxd2 32. Nxd2 Bxb4 33. Nb3
Qd5 34. Qc2 Ba3 35. Rb1 Qc4 36. Qxc4 bxc4 37. Na1 Rd2 38. g3 Bc5 39. Rb8+ Kh7
40. Rc8 Bd4 0-1

[Event "Mechanics' Bedjanian TNM; G/2 d/5"]
[Site "San Francisco"]
[Date "2018.12.04"]
[Round "7.23"]
[White "Rakonitz, David"]
[Black "Enkhjargal, Gabriel"]
[Result "1-0"]
[WhiteElo "1670"]
[BlackElo "1007"]
[Annotator "Winslow,Elliott"]
[PlyCount "65"]
[EventDate "2018.??.??"]
[Source "ChessBase"]
[SourceDate "2007.09.04"]

1. d4 d5 2. Nf3 Nf6 3. c4 c6 4. Nc3 e6 5. Bg5 Nbd7 (5... dxc4) (5... h6) 6. e3
Be7 7. Qc2 h6 8. Bh4 O-O 9. Bd3 dxc4 10. Bxc4 Nd5 11. Bg3 Bb4 12. O-O N7b6 {
For the record: "12...Ndb6" doesn't answer the question of which knight...} 13.
Bd3 Bd6 14. Bxd6 Qxd6 15. a3 Re8 16. Ne4 Qc7 17. Rfd1 Nd7 18. Nc5 Nxc5 19. Qxc5
b6 20. Qc2 Bb7 21. Rac1 Nf6 22. Bb5 c5 $4 {Panic? Chimera? Miscalculation?} (
22... Rec8 {when ...Qe7, maybe throwing in ...a6, and finally ...c5 is Black
wiping the slate of problems.}) 23. Bxe8 Rxe8 24. dxc5 Ng4 25. cxb6 (25. c6 $1)
(25. Qa4 $1 Nf6 (25... Bxf3 26. Qxe8+ Kh7 27. Rd6) 26. Qxa7 bxc5 27. Qxc5)
25... Qxb6 26. h3 (26. Qa4 Nf6 27. Ne5) 26... Nf6 (26... Bxf3) 27. Qc7 Qxb2 28.
Rb1 Qxa3 29. Rxb7 Rf8 30. Rxa7 Qb3 31. Rd8 Rxd8 32. Qxd8+ (32. Qxf7+ $1) 32...
Kh7 33. Rxf7 1-0

[Event "Mechanics' Shipman TNM; G/2 d/5"]
[Site "San Francisco"]
[Date "2018.08.07"]
[Round "1.23"]
[White "Rakonitz, David"]
[Black "Frank, Robert H"]
[Result "0-1"]
[WhiteElo "1775"]
[BlackElo "1295"]
[PlyCount "88"]
[EventDate "2018.??.??"]
[Source "ChessBase"]
[SourceDate "2007.09.04"]

1. d4 Nf6 2. Nf3 b5 3. e3 a6 4. c4 c6 5. Qc2 d5 6. cxd5 cxd5 7. Nc3 Qc7 8. a3
Nc6 9. Bd3 Bg4 10. Nd2 Bh5 11. h3 Bg6 12. Bxg6 hxg6 13. Nf3 e6 14. Bd2 Bd6 15.
Ke2 Nh7 16. Rac1 f5 17. Nxd5 exd5 18. Qxc6+ Qxc6 19. Rxc6 Kd7 20. Rhc1 g5 21.
Ne1 Nf6 22. Nd3 a5 23. Rb6 Rab8 24. Rxb8 Rxb8 25. Bxa5 f4 26. Bb4 Bc7 27. Nc5+
Kc8 28. Ne6 Rb7 29. Ba5 Ne8 30. Nxg5 fxe3 31. fxe3 Kd7 32. Bxc7 Rxc7 33. Rxc7+
Kxc7 34. Kd3 Kd6 35. Nf7+ Ke7 36. Ne5 Kd6 37. Kc3 Kc7 38. Kb4 Nd6 39. b3 Kb6
40. g4 Ne4 41. h4 Ng3 42. g5 Ne2 43. h5 Nc1 44. h6 $4 {
As Yogi Berra was wont to say: "It ain't over until it's over".} Na2# 0-1

[Event "Mechanics' Shipman TNM; G/2 d/5"]
[Site "San Francisco"]
[Date "2018.09.25"]
[Round "8.18"]
[White "Rakonitz, David"]
[Black "Hack, Richard"]
[Result "0-1"]
[WhiteElo "1775"]
[BlackElo "1594"]
[PlyCount "66"]
[EventDate "2018.??.??"]
[Source "ChessBase"]
[SourceDate "2007.09.04"]

1. d4 f5 2. Bg5 g6 3. Nd2 Bg7 4. e3 Nf6 5. c4 d6 6. Ngf3 O-O 7. Be2 h6 8. Bxf6
Bxf6 9. Qc2 Qe8 10. Qb3 Kh7 11. O-O e5 12. dxe5 dxe5 13. e4 f4 14. c5 b6 15.
Rac1 Na6 16. cxb6 cxb6 17. Qd5 Be6 18. Qb7+ Kh8 19. Qxa6 g5 20. Bb5 Qh5 21. Nc4
g4 22. Nfd2 f3 23. Ne3 Bg5 24. Rfe1 {[#]} g3 25. Nxf3 Rxf3 26. hxg3 Bxe3 27.
gxf3 Bxc1 28. Rxc1 Qxf3 29. Qb7 Rf8 30. Qc7 Qxf2+ 31. Kh1 Qxg3 32. Rc2 Qh3+ 33.
Rh2 Rf1+ 0-1

[Event "Mechanics' Summer TNM; G/2 d/5"]
[Site "San Francisco"]
[Date "2018.07.03"]
[Round "6.21"]
[White "Rakonitz, David"]
[Black "James, Charles"]
[Result "1-0"]
[WhiteElo "1749"]
[BlackElo "1405"]
[PlyCount "55"]
[EventDate "2018.??.??"]
[Source "ChessBase"]
[SourceDate "2007.09.04"]

1. d4 d5 2. Nf3 Nf6 3. c4 c6 4. Nc3 dxc4 5. a4 e6 6. e3 Bb4 7. Bxc4 Ne4 8. Qc2
Nd6 9. Bd3 f5 10. O-O a5 11. e4 O-O 12. Bg5 Qc7 13. exf5 exf5 14. Nd5 Qf7 15.
Nxb4 axb4 16. Ne5 Qd5 17. Nf3 Be6 18. Bf4 Nd7 19. Rfe1 Nf7 20. Ng5 Nxg5 21.
Bxg5 Ra5 22. Be7 Re8 23. Bxb4 Raa8 {Diagram [#]} 24. Rxe6 $1 b5 (24... Rxe6 25.
Bc4 $18) 25. Rxe8+ Rxe8 26. axb5 cxb5 27. Bxf5 Qxd4 28. Bxh7+ 1-0

[Event "Mechanics' Winter TNM; G/2 d5"]
[Site "San Francisco"]
[Date "2018.02.27"]
[Round "8.30"]
[White "Rakonitz, David"]
[Black "Karp, Richard M"]
[Result "1-0"]
[WhiteElo "1595"]
[BlackElo "1834"]
[Annotator "Donaldson"]
[PlyCount "95"]
[EventDate "2018.??.??"]
[Source "ChessBase"]
[SourceDate "2007.09.04"]

1. d4 Nf6 2. Nf3 d5 3. c4 e6 4. Nc3 Nbd7 5. Bg5 c6 6. e3 Qa5 7. Nd2 Bb4 8. Qc2
O-O 9. Be2 dxc4 (9... c5 {and}) (9... e5 {are also quite popular.}) 10. Bxf6
Nxf6 11. Nxc4 Qg5 $6 (11... Qc7) 12. O-O Nd5 13. Ne4 Qd8 14. Rfd1 Nf6 15. Bd3
Nxe4 16. Bxe4 f5 17. Bd3 Bd6 18. Nxd6 Qxd6 19. Qb3 Kh8 20. Rac1 b6 21. Be2 Bb7
22. Bf3 Rac8 23. Qa4 a6 24. Qb3 b5 25. Rc5 Rf7 26. Rdc1 f4 27. Qc2 fxe3 28.
fxe3 Rfc7 29. Rh5 h6 30. Rc5 Qd7 31. Qg6 Qd6 32. Be4 Kg8 33. Qh7+ Kf8 34. Qh8+
Ke7 35. Qxg7+ Kd8 36. Qg6 Re7 37. Rf1 Kc7 38. Rf7 Rxf7 39. Qxf7+ Kb8 40. Qf6
Ka7 41. Qxh6 Qe7 42. Qh7 Qd6 43. Qg6 Ra8 44. h3 Qe7 45. Qg5 Qf8 46. Bxc6 Bxc6
47. Rxc6 Qb4 48. Qc5+ 1-0

[Event "Mechanics' Bedjanian TNM; G/2 d/5"]
[Site "San Francisco"]
[Date "2018.10.30"]
[Round "2.12"]
[White "Rakonitz, David"]
[Black "Kuczek, Kevin W"]
[Result "0-1"]
[WhiteElo "1670"]
[BlackElo "1980"]
[PlyCount "82"]
[EventDate "2018.??.??"]
[Source "ChessBase"]
[SourceDate "2007.09.04"]

1. d4 Nf6 2. Nf3 b6 3. c4 Bb7 4. Nc3 e6 5. a3 Be7 6. d5 d6 7. e4 Nbd7 8. Bd3
O-O 9. O-O Ng4 10. Bf4 Bf6 11. Rc1 Nge5 12. Be2 Ng6 13. Be3 Bxc3 14. Rxc3 e5
15. Bd3 a5 16. Bc2 h6 17. Bc1 Nf6 18. Ne1 Bc8 19. Rg3 Nf4 20. Bxf4 exf4 21. Rc3
Ng4 22. h3 Ne5 23. Qh5 Qf6 24. Nf3 Re8 25. Re1 Kh7 26. Nxe5 Rxe5 27. Qd1 Kh8
28. Qd2 Bd7 29. Rf3 g5 30. Rb1 Qg7 31. Qc3 Rae8 32. Kh2 f6 33. b4 axb4 34. axb4
Qe7 35. g3 fxg3+ 36. Rxg3 Qf7 37. Qf3 f5 38. Qc3 fxe4 39. Bxe4 Qxf2+ 40. Bg2
Kg8 41. Rf1 Qe2 {Remaining moves unavailable. Black won on time on move 45.
The remaining moves are unavailable.} 0-1

[Event "Mechanics' Spring TNM; G/2 d5"]
[Site "San Francisco"]
[Date "2018.05.01"]
[Round "7.18"]
[White "Rakonitz, David"]
[Black "Lesquillier, Walter"]
[Result "1/2-1/2"]
[WhiteElo "1595"]
[BlackElo "1749"]
[PlyCount "39"]
[EventDate "2018.??.??"]
[Source "ChessBase"]
[SourceDate "2007.09.04"]

1. d4 b5 2. e4 Bb7 3. Bd3 e6 4. Nf3 c5 5. c3 a6 6. Bf4 Nf6 7. Nbd2 Be7 8. O-O
O-O 9. h3 cxd4 10. cxd4 d6 11. Rc1 Nc6 12. Bb1 Nxd4 13. e5 Nxf3+ 14. Nxf3 Nd5
15. Qc2 g6 16. Bh6 Re8 17. Qe4 Qb6 18. Qg4 dxe5 19. Nxe5 Nf6 20. Qf4 1/2-1/2

[Event "Mechanics' Bedjanian TNM; G/2 d/5"]
[Site "San Francisco"]
[Date "2018.11.20"]
[Round "5.16"]
[White "Rakonitz, David"]
[Black "McKellar, Daniel"]
[Result "1/2-1/2"]
[WhiteElo "1670"]
[BlackElo "1878"]
[Annotator "Winslow,Elliott"]
[PlyCount "87"]
[EventDate "2018.??.??"]
[Source "ChessBase"]
[SourceDate "2007.09.04"]

1. d4 d5 2. Nf3 Nf6 3. c4 c6 4. Nc3 e6 5. Bg5 dxc4 6. e4 b5 7. e5 h6 8. Bh4 g5
9. Nxg5 hxg5 10. Bxg5 Nbd7 11. g3 Qb6 12. exf6 Bb7 13. Bg2 O-O-O 14. O-O c5 15.
d5 b4 16. Na4 (16. Rb1 $5) 16... Qa6 (16... Qb5) 17. a3 Bxd5 (17... Ne5) 18.
axb4 $6 (18. Bxd5 {is the main variation} Ne5 19. axb4 (19. Qe2 $5) 19... Rxd5
20. Qe2 cxb4 21. Nc3 Qc6 22. Nxd5 Qxd5 23. f3 Nd3 24. h4 b3 $1 {
1-0 58, Khalifman,A-Ivanchuk,V, Presidents Cup 1998 (CBM 65) [Lutz]}) 18...
Bxg2 19. Kxg2 cxb4 (19... Qc6+ 20. f3 cxb4 21. Qe2 Bd6 22. Rfd1 Ne5 $13 {
Beliavsky, A-Khalifman,A/Yugoslavia 1998}) 20. Qe2 Qc6+ (20... Qb5 21. Rfd1 $1
Ne5 (21... Qxg5 $6 22. Qxc4+ Nc5 (22... Kb8 23. Nb6 $18 {is a really nice move!
}) (22... Bc5 23. Qa6+ Kc7 24. Rac1 $18) 23. Nb6+ Kc7 24. Rxd8 Kxd8 25. Rxa7
$40) 22. Nb6+ Qxb6 23. Rxd8+ Qxd8 24. Qxe5 Qd5+ 25. Qxd5 exd5 26. Rxa7 d4 27.
Bf4 $18 {
1/2-1/2 (48) Nikolic,P (2635)-Timman,J (2635) Rotterdam 1998 CBM 066 [Lutz,C]})
21. Kg1 Qd5 22. h4 (22. f4 $5) 22... Ne5 23. f3 Bh6 24. Be3 Bxe3+ 25. Qxe3 Qd4
26. Qxd4 Rxd4 27. Rf2 Rg8 28. Kh2 Rg6 29. Nc5 Kb8 30. Ne4 Nxf3+ 31. Rxf3 Rxe4
32. Raf1 Rd4 33. Rf4 e5 34. Rf5 Rd2+ 35. R1f2 c3 36. Rxd2 cxd2 37. Rf1 Rxf6 38.
Rd1 Rd6 39. Kg2 a5 40. g4 a4 41. h5 a3 42. bxa3 bxa3 43. g5 a2 44. h6 (44. h6
a1=Q 45. Rxa1 d1=Q 46. Rxd1 Rxd1 {
is a huge plus for Black -- no, it's mate in 24.}) 1/2-1/2

[Event "Mechanics' Shipman TNM; G/2 d/5"]
[Site "San Francisco"]
[Date "2018.09.11"]
[Round "6.37"]
[White "Rakonitz, David"]
[Black "Mendes Da Costa, Alex"]
[Result "1-0"]
[WhiteElo "1775"]
[BlackElo "957"]
[PlyCount "53"]
[EventDate "2018.??.??"]
[Source "ChessBase"]
[SourceDate "2007.09.04"]

1. d4 d5 2. Nf3 c5 3. c4 Bf5 4. Nc3 e6 5. cxd5 exd5 6. dxc5 Bxc5 7. Qxd5 Qxd5
8. Nxd5 Nd7 9. Nc7+ Kf8 10. Nxa8 Ngf6 11. Nc7 a6 12. e3 Bd6 13. Nxa6 bxa6 14.
Bxa6 Ke7 15. O-O Re8 16. b3 Ne5 17. Nd4 Bg6 18. Rd1 Kf8 19. Bb2 Rd8 20. Rac1
Ne8 21. Rc8 Rd7 22. Bb5 Re7 23. Nc6 Nxc6 24. Bxc6 Bf5 25. Rxe8+ Rxe8 26. Bxe8
Kxe8 27. Rxd6 1-0